| 000 | 00601cab a2200193 4500 | ||
|---|---|---|---|
| 001 | WB2245-20 | ||
| 008 | 090401t1986 xxu||||| |||| 00| 0 eng d | ||
| 035 | _a(Sirsi) u27733 | ||
| 041 | _aeng | ||
| 245 | _aScottish Special Housing Association | ||
| 260 | _c1986 | ||
| 350 | _a0 | ||
| 490 |
_aScotsman _v7/11/86 pp 17-21 5 pages LOAN |
||
| 520 | _aA survey reviewing its activities, its origins, contribution to urban renewal , system of area management, and opinions of satisfied tenants. | ||
| 650 | _aHOUSING STOCK | ||
| 690 |
_aBlock management _96220 |
||
| 942 | _n0 | ||
| 948 | _c04/03/1997 | ||
| 999 |
_c18680 _d18680 |
||